LDR 00693naa#a2200193#i#450# 001 EN\\bibl\126807 005 20260701204740.3 011 ## _a1815-588X 100 ## _a20260630b2026####ek#y0engy0150####ca 102 ## _aRU 200 1# _aSimulation Model of the PTP Protocol Operation in E2E Mode _eJournal article 210 1# _aSaint-Petersburg _cFSBEI HE "Emperor Alexander I St. Petersburg State Transport University" _d2026 215 ## _a12 с. 608 ## _aJournal article _2local 675 ## _aЭлектросвязь. Техника электросвязи. 621.39 _z 700 #1 _aOparin _gEvgeniy Valer'evich 700 #1 _aProshin _gFedor A. 700 #1 _aOparina _gEkaterina Vladimirovna 856 4# _aatjournal.ru _u